Reason and authority in the eighteenth century / (Record no. 25038)

MARC details
000 -LEADER
fixed length control field 00758nam a2200241Ia 4500
008 - FIXED-LENGTH DATA ELEMENTS--GENERAL INFORMATION
fixed length control field 210303s9999 xx 000 0 und d
016 ## - NATIONAL BIBLIOGRAPHIC AGENCY CONTROL NUMBER
Source reto2022b
040 ## - CATALOGING SOURCE
Original cataloging agency NLN
Language of cataloging English
100 ## - MAIN ENTRY--AUTHOR
Author CRAGG, Gerald Robertson
Relator term aut
245 #0 - TITLE STATEMENT
Title Reason and authority in the eighteenth century /
Statement of responsibility, etc Gerald Robertson Cragg
260 ## - PUBLICATION, DISTRIBUTION, ETC. (IMPRINT)
Place of publication Cambridge Eng. :
Name of publisher University Press,
Date of publication 1964
300 ## - COLLATION
Pagination ix, 349p.
Other physical details ; 23cm.
563 ## - BINDING INFORMATION
Binding note (pbk)
650 ## - TRACINGS
Main Subject Reason
650 ## - TRACINGS
Main Subject Authority
Subdivision (1st) Great Britain
650 ## - TRACINGS
Main Subject Enlightenment
Subdivision (1st) Great Britain
650 ## - TRACINGS
Main Subject Great Britain
Subdivision (1st) Intellectual life
650 ## - TRACINGS
Main Subject Philosophy, English
Subdivision (1st) 18th century
942 ## - ADDED ENTRY ELEMENTS (KOHA)
Item type Books
050 ## - LIBRARY OF CONGRESS CALL NUMBER
Classification number B1301
Item number .C7
082 ## - DEWEY DECIMAL CLASSIFICATION NUMBER
Classification number 192
Holdings
Withdrawn status Lost status Source of classification or shelving scheme Damaged status Not for loan Home library Current library Date acquired Total Checkouts Full call number Barcode. Date last seen Price effective from Koha item type
    Library of Congress Classification     LAGOS BRANCH National Library of Nigeria 04/03/2021   B1301 .C7 2024-555555551001697 04/03/2021 04/03/2021 Books

National Library of Nigeria OPAC is powered by Koha